Αστικά τοπία Sylvie Rimbert ; μετάφραση - επιστημονική επιμέλεια: Ελένη Χανιώτου.
Saved in:
| Main Author: | |
|---|---|
| Other Authors: | |
| Format: | Book |
| Language: | Greek French |
| Published: |
Αθήνα :
Προπομπός,
c2020.
|
| Subjects: | |
| Tags: |
Add Tag
No Tags, Be the first to tag this record!
|
MARC
| LEADER | 00000nam a2200000 a 4500 | ||
|---|---|---|---|
| 001 | 1/126513 | ||
| 008 | 230508t2020####gr | | ||| |||| ||gre|| | ||
| 020 | |a 9789607860415 |q (χαρτόδετο) | ||
| 040 | |a GR-MyUa |b gre |c GR-MyUa |e AACR2 | ||
| 041 | 1 | |a gre |h fre | |
| 082 | 7 | |a 711.4 |2 (23) | |
| 100 | 1 | |a Rimbert, Sylvie, |e aut | |
| 245 | 1 | 0 | |a Αστικά τοπία / |b Sylvie Rimbert ; μετάφραση - επιστημονική επιμέλεια: Ελένη Χανιώτου. |
| 260 | |a Αθήνα : |b Προπομπός, |c c2020. | ||
| 300 | |a 277 σ. : |b εικ. ; |c 21 εκ. | ||
| 500 | |a Μετάφραση του: Le paysages urbains. | ||
| 504 | |a Περιλαμβάνει βιβλιογραφία. | ||
| 650 | 0 | |a City planning. | |
| 650 | 0 | |a Cities and towns. | |
| 700 | 1 | |a Χανιώτου, Ελένη, |e trlf |e edtf | |
| 852 | |a INST |b CHIOS |c EUDOXUS |e 20230508 |h 711.4 RIM |p 005200040528 |q 005200040528 |t EDX |y 0 | ||
| 920 | |a Εύδοξος |b Παραγγελία |y Χίος-ΤΟΔΙΤ |z 2023-05 | ||
| 970 | |a Σπέντζα |b Ελένη |z 08-05-2023 | ||